Gran teatro Montano (Il). Saggi su Gaudenzio Ferrari (Record no. 77080)

MARC details
000 -LEADER
fixed length control field 01773nam a2200289Ia 4500
001 - CONTROL NUMBER
control field K0321
003 - CONTROL NUMBER IDENTIFIER
control field IT-RoPAU
008 - FIXED-LENGTH DATA ELEMENTS--GENERAL INFORMATION
fixed length control field 130308s9999 xx 000 0 und d
040 ## - CATALOGING SOURCE
Original cataloging agency IT-RoPAU
040 ## - CATALOGING SOURCE
Transcribing agency IT-RoPAU
041 ## - LANGUAGE CODE
Language code of text/sound track or separate title ITALIANO
100 ## - MAIN ENTRY--PERSONAL NAME
Personal name Testori Giovanni
100 ## - MAIN ENTRY--PERSONAL NAME
Miscellaneous information Codice Aut. SPICS: 786
245 ## - TITLE STATEMENT
Title Gran teatro Montano (Il). Saggi su Gaudenzio Ferrari
245 ## - TITLE STATEMENT
Remainder of title Gran Teatro Montano (Il). Saggi su Gaudenzio Ferrari
250 ## - EDITION STATEMENT
Edition statement 1a ed.
260 ## - PUBLICATION, DISTRIBUTION, ETC. (IMPRINT)
Place of publication, distribution, etc. MILANO
260 ## - PUBLICATION, DISTRIBUTION, ETC. (IMPRINT)
Name of publisher, distributor, etc. Feltrinelli
260 ## - PUBLICATION, DISTRIBUTION, ETC. (IMPRINT)
Date of publication, distribution, etc. 1965 [1° Ed.:1965 - Ed.Ling.Originale:1965]
300 ## - PHYSICAL DESCRIPTION
Extent "220 p. (prefazione: no ; testo: 220 [pagine: 0-0])"
500 ## - GENERAL NOTE
General note "Gaudenzio e Sacro Monte. Gaudenzio Alla Porte di Varallo. Elogio dell'arte Novarese. Polemica e Pace Sulla Cappella della Pietà. Meditazioni vecchie e nuove Sulla croce . Regesti e Bibliografia. 80 tavole in bianco e Nero delle Seguenti Opere: Crocifisso; Crocifissione; Angelo Annunciante; Annunciata; Vergine col Figlio; Nativita'; S. Giuseppe; Vergine Adorante; Adorazione dei Pastori; Pastore; Angeli Musicanti; visita dei Magi; Cristo Sale al Pretorio; testa di Cristo; Assistente; gruppo di Cavalieri; Il buon Ladrone; Cristo Crocifisso; Cattivo Ladrone; gruppo delle Marie; Soldati e Cavalieri; Soldati che Giocano a Dadi; Giovanni sotto croce ; gruppo di Soldati; gruppo di Madri; una Madre; bambino con Cane; Angeli; Pieta'; Vergine Dormiente. "
650 ## - SUBJECT ADDED ENTRY--TOPICAL TERM
Topical term or geographic name as entry element SAGGI SULLE ARTI VISIVE
650 ## - SUBJECT ADDED ENTRY--TOPICAL TERM
Relator term Codice materia Spics: 5011
942 ## - ADDED ENTRY ELEMENTS (KOHA)
Koha item type LIBRO
957 ## -
-- 1
999 ## - SYSTEM CONTROL NUMBERS (KOHA)
-- 1
Holdings
Withdrawn status Lost status Damaged status Not for loan Home library Current library Date acquired Total Checkouts Full call number Date last seen Price effective from Koha item type Public note
    Buone Condizioni Not For Loan SPICS-MEDIATECA SPICS-MEDIATECA 08/03/2013   K0321 08/03/2013 08/03/2013 LIBRO Progressivo inserimento: 22490 / N. Volumi: 1 Copie: 1 / data import: 1 marzo 2013 - By Epidotti, Trombetti, Vaglietti.
CREDITS: SOCIETA' SAN PAOLO Via A.Severo, 58 - ROMA (RM) & PERIODICI SAN PAOLO SRL Via Giotto, 36 MILANO & CISF Via Giotto, 36 MILANO & EDIZIONI SAN PAOLO SRL,  Piazza Soncino, 5 CINISELLO BALSAMO (MI) -- ITALY